Выиграет инженер - выиграет государство; Нефть России; № 2

Dettagli Bibliografici
Parent link:Нефть России: аналитический журнал.— , 1996, 1999-2012
№ 2.— 2003.— С. 89
Autore principale: Басов А. Александр
Lingua:russo
Pubblicazione: 2003
Serie:Кадры
Soggetti:
Natura: MixedMaterials Capitolo di libro
KOHA link:https://koha.lib.tpu.ru/cgi-bin/koha/opac-detail.pl?biblionumber=385791

MARC

LEADER 00000naa2a2200000 4500
001 385791
005 20231101063414.0
035 |a (RuTPU)RU\TPU\prd\13977 
090 |a 385791 
100 |a 20030520a2003 k y0rusy50 ca 
101 0 |a rus 
102 |a RU 
200 1 |a Выиграет инженер - выиграет государство  |f А. Басов 
225 1 |a Кадры 
461 1 |0 (RuTPU)RU\TPU\prd\1610  |t Нефть России  |o аналитический журнал  |d 1996, 1999-2012 
463 1 |0 (RuTPU)RU\TPU\prd\11653  |t № 2  |v С. 89  |d 2003 
610 1 |a инженеры 
610 1 |a аттестация кадров 
610 1 |a премии 
610 1 |a стимулирование 
610 1 |a нефтегазовые предприятия 
700 1 |a Басов  |b А.  |g Александр 
801 1 |a RU  |b 63413507  |c 20030520  |g PSBO 
801 2 |a RU  |b 63413507  |c 20130801  |g PSBO 
942 |c BK